00421nam a2200157Ia 4500003000400000008004100004040001600045082001300061100003000074245005600104260004200160300000800202650001300210650001300223650002700236GCL140319s9999 xx 000 0 eng d aGCL / cGCL04a759bM J1 aMASSENGALE, JEAN MONTAGUE10aJEAN-HONORE FRAGONARD / cMASSENGALE, JEAN MONTAGUE a[S.N] : bTHAMES AND HUDSON ، c1993 a12804aPAINTING04aPAINTERS04aFRAGONARD, JEAN-HONORE